000 01990cam a2200349 4500500
005 20251228073930.0
041 _afre
042 _adc
100 1 0 _aColonna, Cécile
_eauthor
700 1 0 _aBuisson, Nathalie
_eauthor
245 0 0 _aLa redécouverte d'un buste antique sicilien en terre cuite de la collection Janzé
260 _c2014.
500 _a12
520 _aEn 1865, le vicomte de Janzé légua à la Bibliothèque nationale de France, parmi sa riche collection d’antiques, un buste féminin en terre cuite qui, après une restauration récente, s’est révélé d’une remarquable facture. Son étude matérielle et historique permet une meilleure compréhension, à la fois de sa polychromie chatoyante et du contexte de création de ce buste caractéristique des productions hellénistiques de Sicile, que l’on peut rattacher aux ateliers de Centuripe du iiie s. av. J.-C.
520 _aThe rediscovery of a Sicilian terracotta bust from the Janzé collectionIn 1865 the Viscount Janzé bequeathed his rich classical art collection to the Bibliothèque nationale de France. From it, the remarkable quality of a terracotta bust of a woman has been revealed through recent conservation. Material and historic study allow a better understanding of its rich polychromy and of the circumstances of its production, typical of Hellenistic Sicily, and especially of the 3rd cent. bc workshops of Centuripe.
690 _aart hellénistique
690 _abuste
690 _aCenturipe
690 _acoroplastie
690 _amonde grec
690 _apolychromie
690 _aSicile
690 _abust
690 _aCenturipe
690 _acoroplasty
690 _aGreek world
690 _aHellenistic art
690 _apolychromy
690 _aSicily
786 0 _nRevue archéologique | 58 | 2 | 2014-11-03 | p. 227-242 | 0035-0737
856 4 1 _uhttps://shs.cairn.info/revue-archeologique-2014-2-page-227?lang=fr&redirect-ssocas=7080
999 _c1596437
_d1596437